Pengurusan dan pembahagian harta pusaka

Bibliographic Details
Main Author: Wan Abdul Halim Wan Harun
Format: Book
Published: Kuala Lumpur : Dewan Bahasa dan Pustaka , 2006
Subjects:

MARC

LEADER 00000cam a2200000 7i4500
001 0000022032
005 20080729.0
020 |a 9836292764 
040 |a INS 
090 0 0 |a BP158.I5   |b W36 2006 
100 0 |a Wan Abdul Halim Wan Harun 
245 1 0 |a Pengurusan dan pembahagian harta pusaka   |c Wan Abdul Halim Wan Harun 
260 |a Kuala Lumpur :   |b Dewan Bahasa dan Pustaka ,   |c 2006 
300 |a xviii, 531ms. :   |b il. ;   |c 22cm. 
500 |a Mengandungi indeks 
504 |a Bibliografi: ms.525-526 
650 0 0 |a Inheritance and succession (Islamic law)   |z Malaysia 
650 0 0 |a Property (Islamic law)   |z Malaysia 
999 |a 0000020102   |b BOOK   |c Open Shelf   |e Default branch